Determinación del potencial de producción de biodiésel a partir de residuos biomásicos con la tecnología de licuefacción hidrotérminca (LHT) en Costa Rica y su respectiva huella de carbono
Enregistré dans:
| Auteur principal: | |
|---|---|
| Autres auteurs: | |
| Format: | Livre |
| Langue: | Spanish |
| Publié: |
San José, [Costa Rica]
2022
|
| Sujets: | |
| Tags: |
Ajouter un tag
Pas de tags, Soyez le premier à ajouter un tag!
|
MARC
| LEADER | 00000nam a2200000Ia 4500 | ||
|---|---|---|---|
| 003 | 013527 | ||
| 005 | 20230417110227.0 | ||
| 008 | 140116s2022 cr a 000 ||spa d | ||
| 040 | |c cru CEDI | ||
| 100 | |a Solórzano Jiménez, Susana, 1996- |9 340 | ||
| 245 | |a Determinación del potencial de producción de biodiésel a partir de residuos biomásicos con la tecnología de licuefacción hidrotérminca (LHT) en Costa Rica y su respectiva huella de carbono | ||
| 260 | |a San José, [Costa Rica] |c 2022 | ||
| 500 | |a Proyecto de graduación (licenciatura en ingeniería química)--Universidad de Costa Rica. Facultad de Ingeniería. Escuela de Ingeniería Química | ||
| 501 | |a Director de Proyecto de Graduación: Ing. Esteban Durán Herrera, PhD. | ||
| 650 | |x APROVECHAMIENTO DE RESIDUOS |x COMBUSTIBLES BIODIESEL - PRODUCCION - COSTA RICA |x LICUEFACCION HIDROTERMICA DE BIOMASA |x GASES DEL EFECTO INVERNADERO - EVALUACION |x BIOMASA - PRODUCCION - COSTA RICA - EVALUACION | ||
| 700 | |a Zürcher Quirós, Carla |d Director del TFG |9 14 | ||
| 942 | |c CEDI |h TFG 8678 |6 TFG_8678_000000000000000 | ||
| 999 | |c 22029 |d 22029 | ||
